00747nam a22002057a 450000500170000001000150001702000260003203500140005803700090007208200160008110000340009724500780013125000060020926000310021527000570024630000270030394200300033099900190036095201620037920260519120604.0 aENG-148516 a9789364445535c650.00 aEN-132048 bDBAD 21a332.1068 aBhattachahrya, Mousumi989148 aFinTech: bAI Transforming Modern Digital Finance/cMousumi Bhattachahrya a1 aChennaibMcGraw Hillc2026 a5/90 A, Butt Road, St. Thomas MountbChennaie600016 a287p.c24cm(pb)bIndex 2ddccENh332.1068mBHAe1 c216268d216268 001040718NFICaDBADbDBADd2026-05-19eDelivery of Books Act Divisiong650.00l0o332.1068 BHApEN-132048r2026-05-19 12:06:24t 1v650.00w2026-05-19yEN